000 00687cam a2200217 4500
001 ABS65099
008 020307n2002 000 0 eng u
035 _a(Sirsi) u117048
100 _aMartin, D.
245 _aStatic GPS: Field procedures
260 _c2002
490 _aProfessional Surveyor
_v22(2) February 2002, 38-40(3)
520 _aBasic information on field procedures, recommending standardisation where possible. Gives step-by-step checklist of what should be done, in the correct order.
590 _aABS
650 _aGPS
650 _aSURVEYS
650 _aSURVEYING
650 _aPROCEDURES
690 _aBUILT ENVIRONMENT-BUILDING INSPECTION
942 _n0
999 _c69735
_d69735